| 000 | 00873 a2200289 4500 | ||
|---|---|---|---|
| 999 |
_c200449924 _d68136 |
||
| 001 | 200449924 | ||
| 003 | TR-AnTOB | ||
| 005 | 20251125115026.0 | ||
| 007 | ta | ||
| 008 | 221226b2021 tu |||| ||| 000 0 tur d | ||
| 020 | _a9786057015242 | ||
| 040 |
_aTR-AnTOB _beng _cTR-AnTOB _erda |
||
| 041 | 0 | _atur | |
| 050 | 1 | 4 |
_aKKX1710 _b.K631 2021 |
| 090 |
_aKKX1710 _b.K631 2021 |
||
| 100 | 1 |
_aKoç, Evren _9138960 _eauthor |
|
| 245 | 1 | 0 |
_aMedeni usul hukuku kapsamında usuli işlemlerde irade bozuklukları / _bDr. Öğr. Üyesi Evren Koç. |
| 250 | _a1. basım Mayıs 2021 | ||
| 264 | 1 |
_aİstanbul : _bSümer Kitabevi, _c2021. |
|
| 300 |
_a195 pages ; _c23 cm |
||
| 336 |
_2rdacontent _atext _btxt |
||
| 337 |
_2rdamedia _aunmediated _bn |
||
| 338 |
_2rdacarrier _avolume _bnc |
||
| 650 | 7 |
_aMedeni usul _2etuturkob _9127557 |
|
| 942 |
_2lcc _cBK |
||